Music trivia - Statistics

General Stats
  • This quiz has been taken 19 times
  • The average score is 4 of 20
Answer Stats
Hint Answer % Correct
A punk rock band, in which everybody shares the same family name, has sold more t-shirts than albums. What's the name of the band? Ramones
65%
Indecent exposure has been a part of PR for ages. Which musician renamed it "wardrobe malfunction" in his public apology over a nipplegate? Justin Timberlake
53%
Name either of the bands that have played on Antarctica Nunatak, Metallica
41%
Eddie is the mascot of Iron Maiden. Which year did he first appear on stage? 1980
35%
The bat was dead, but what animal was alive when Ozzy decapped the poor thing? dove
29%
According to the industry experts, a band should get played at Spotify how many million times to get (US) minimum salary? (That's right, million) 4
24%
Which American hip hop due famously wore their clothes backwards? Kriss Kross
24%
What liquid did Jimi Hendrix use to burn his guitar on stage? lighter fluid
24%
Blondie has been told to have named themselves after whose dog? Adolf Hitler
18%
A black metal musician called Euronymous found his friend after a suicide, and decided to make necklaces of the fragments of his skull. What was the dead friend's name? Dead
18%
Talking about tongues, name one of the two most famous female musicians for their tongue time out? Miley Cyrus or Debbie Harry
12%
Gene Simmons from KISS had a magazine called... what? Tongue
12%
Madonna was married to Sean Penn and Guy Ritchie. Who was her official long term sausage carrier, or, partner between these two men? Carlos Leon
6%
The Beastie Boys used to request condoms in which color, while on tour? rainbow
6%
Talking about Euronymous, he joined his friend a couple of years later via a murder by a colleague. What was this colleagues name (stage or real)? Varg Vikernes
6%
The most expensive paparazzi photo ever sold was of a bald Britney Spears in 2007. How much was it worth in USD? 500000
0%
So, Ozzy Osbourne bit the head of a bat in 1982. In which city? Des Moines
0%
Which music festival is the largest one in the world? (tip: Austria) Donauinselfest
0%
Erasure had a future Hollywood action star in their music video "Run to the Sun". Who? Jason Statham
0%
Which musician was Freddie Mercury's first love? Jimi Hendrix
0%
No matching quizzes found
Score Distribution
Percent of People with Each Score
Percentile by Number Answered
Your Score History
You have not taken this quiz